书目信息 |
| 题名: |
西方经济学
|
|
| 作者: | 冯金华 著 | |
| 分册: | ||
| 出版信息: | 上海 上海财经大学出版社 2005.11 |
|
| 页数: | 411页 | |
| 开本: | 23cm | |
| 丛书名: | ||
| 单 册: | ||
| 中图分类: | F0 | |
| 科图分类: | ||
| 主题词: | 现代资产阶级经济学--xian dai zi chan jie ji jing ji xue--高等学校--教材 | |
| 电子资源: | ||
| ISBN: | 7-81098-442-X | |
| 000 | 00799nam0 2200241 450 | |
| 001 | 012006343184 | |
| 005 | 20061204164533.62 | |
| 010 | @a7-81098-442-X@dCNY29.00 | |
| 100 | @a20061101d2005 km y0chiy0120 ea | |
| 101 | 0 | @achi |
| 102 | @aCN@b310000 | |
| 105 | @aa a 000yy | |
| 200 | 1 | @a西方经济学@Axi fang jing ji xue@f冯金华著@Ffeng jin hua zhu |
| 210 | @a上海@c上海财经大学出版社@d2005.11 | |
| 215 | @a411页@c图@d23cm | |
| 300 | @a新世纪高校经济学管理学核心课教材 | |
| 320 | @a有书目。 | |
| 330 | @a本书是一本面向本科生的有关西方经济学原理的教科书,对西方经济学的基本原理进行了详细介绍。 | |
| 606 | 0 | @a现代资产阶级经济学@Axian dai zi chan jie ji jing ji xue@x高等学校@j教材 |
| 690 | @aF0@v4 | |
| 701 | 0 | @a冯金华@Afeng jin hua@4著 |
| 801 | 0 | @aCN@c20061204 |
| 905 | @a10447@dF0@eF472 | |
| 西方经济学/冯金华著.-上海:上海财经大学出版社,2005.11 |
| 411页:图;23cm |
| 新世纪高校经济学管理学核心课教材 |
| ISBN 7-81098-442-X:CNY29.00 |
| 本书是一本面向本科生的有关西方经济学原理的教科书,对西方经济学的基本原理进行了详细介绍。 |
| ● |
| 相关链接 |
|
|
|
正题名:西方经济学
索取号:F0/F472
 
预约/预借
| 序号 | 登录号 | 条形码 | 馆藏地/架位号 | 状态 | 备注 |
| 1 | 225517 | 202255175 | 社科库409/409社科库 61排1列4层/ [索取号:F0/F472] | 在馆 | |
| 2 | 225518 | 202255184 | 社科库409/ [索取号:F0/F472] |
已借出,限还日期为2009.04.03 借出人:袁小琨 |
|
| 3 | 225519 | 202255193 | 社科库409/409社科库 61排1列4层/ [索取号:F0/F472] | 在馆 |